Gladbach Kader 2024/25 - Statistiken

Allgemein
  • Dieses Quiz wurde 240 mal gespielt
    216 seit der letzten Aktualisierung
  • Das Durchschnittsergebnis liegt bei 20 aus 25
Antwortstatistiken
Nationalität Spieler % Korrekt
Schweiz Jonas Omlin
95%
Japan Ko Itakura
94%
Deutschland Tim Kleindienst
94%
Frankreich Alassane Plea
92%
USA Joe Scally
91%
Frankreich Franck Honorat
87%
Deutschland Moritz Nicolas
87%
Schweiz Nico Elvedi
87%
Österreich Stefan Lainer
84%
Deutschland Rocco Reitz
83%
Österreich Kevin Stöger
82%
Deutschland Luca Netz
82%
Tschechien Tomas Cvancara
82%
Deutschland Robin Hack
80%
Deutschland Julian Weigl
78%
Deutschland Lukas Ullrich
78%
Deutschland Florian Neuhaus
75%
Deutschland Marvin Friedrich
72%
Japan Shio Fukuda
70%
Italien Fabio Chiarodia
69%
Frankreich Nathan Ngoumou
68%
Deutschland Philipp Sander
67%
Armenien Grant-Leon Ranos
65%
Deutschland Tobias Sippel
63%
Frankreich Manu Kone
34%
Keine übereinstimmenden Quizze gefunden
Verteilung der Resultate
Anzahl Personen mit jedem Resultat
Perzentil nach korrekt beantworteten Fragen
Ihre Resultats-Entwicklung
Sie haben dieses Quiz seit der letzten Aktualisierung nicht gespielt